| 000 | 00652nam a2200193 4500 | ||
|---|---|---|---|
| 001 | 123569 | ||
| 003 | ES-MaACL | ||
| 007 | t| | ||
| 008 | 070214s1984 sp r ||||1| spa d | ||
| 100 | 1 |
_aDe Quincey, Thomas. _943071 |
|
| 245 | 1 | 0 |
_aConfesiones de un inglés comedor de opio / _cThomas De Quincey ; traducción de Luis Loayza. |
| 260 |
_aMadrid : _bAlianza, _c1984. |
||
| 300 |
_a117 p. ; _c18 cm. |
||
| 490 | 1 |
_aEl libro de bolsillo. Sección: clásicos ; _v1029 |
|
| 700 | 1 |
_aLoayza, Luis. _972992 |
|
| 830 | 0 | 3 |
_aEl libro de bolsillo. _pClásicos _v1029 _9179723 |
| 852 |
_aES-MaACL _jL-6666 _bR.107072 |
||
| 999 |
_c123569 _d123569 |
||